[Event "Open Nord"]
[Site "?"]
[Date "2010.03.20"]
[Round "8"]
[White "Garcia, Robustiano"]
[Black "Joubert, Leo"]
[Result "1/2-1/2"]
[WhiteElo "1720"]
[BlackElo "1399"]
[PlyCount "146"]

1. d4 d5 2. c4 e6 3. Nc3 Nf6 4. Bg5 Be7 5. e3 O-O 6. Nf3 h6 7. Bh4 b6 8. cxd5
exd5 9. Be2 Bb7 10. O-O Nbd7 11. Rc1 c5 12. Qa4 a6 13. dxc5 bxc5 14. Rfd1 Qb6
15. Qc2 Qe6 16. Qb3 Rfb8 17. Bg3 Bd6 18. Bxd6 Qxd6 19. Qc2 Bc6 20. b3 a5 21. a4
Rb7 22. Nb5 Bxb5 23. Bxb5 Rab8 24. Qc3 Rxb5 25. axb5 Rxb5 26. Qd3 Qb6 27. Nd2
Ne5 28. Qc3 Nc6 29. f3 Nb4 30. Ra1 d4 31. exd4 cxd4 32. Qc8+ Kh7 33. Nc4 Qa7
34. Kf1 d3 35. Qd8 Rd5 36. Qb6 Qxb6 37. Nxb6 Rc5 38. Nc4 Nfd5 39. Kf2 Nc3 40.
Rd2 a4 41. Nb2 Nc2 42. Nxa4 Nxa4 43. Rxa4 Rc3 44. b4 Rb3 45. b5 Rxb5 46. Rxd3
Rb4 47. Rxb4 Nxb4 48. Rd7 Kg6 49. Rb7 Nd5 50. Ra7 Nf6 51. g4 h5 52. h3 h4 53.
Ke3 Nd5+ 54. Kf2 Nf4 55. Ra6+ f6 56. Ra5 Kh6 57. Kg1 Nxh3+ 58. Kh1 Nf4 59. Ra4
g5 60. Ra6 Kg6 61. Rb6 Ne2 62. Kg2 Nf4+ 63. Kh2 Ne2 64. Kg2 Ng3 65. Ra6 Kf7 66.
Kh3 Ne2 67. Kg2 Nf4+ 68. Kh1 Nd3 69. Kg2 Ne1+ 70. Kf2 h3 71. Ra1 Nd3+ 72. Kg3
Nf4 73. Ra6 Kg6 1/2-1/2

[Event "Open Nord"]
[Site "?"]
[Date "2010.03.20"]
[Round "8"]
[White "Schiano-Lomoriello, Didier"]
[Black "Raymond, Xavier"]
[Result "0-1"]
[WhiteElo "1510"]
[BlackElo "1350"]
[PlyCount "106"]

1. e4 e5 2. Nf3 Nc6 3. Bb5 a6 4. Ba4 Nf6 5. O-O Be7 6. Re1 d6 7. c3 b5 8. Bc2
O-O 9. h3 Nb8 10. d4 Nbd7 11. Nbd2 Re8 12. Nf1 Bf8 13. Ng3 g6 14. Bg5 h6 15.
Bc1 Bg7 16. Nh2 c5 17. d5 c4 18. Be3 Qc7 19. Qd2 Kh7 20. a4 Bb7 21. Ra2 Rg8 22.
Rea1 Nc5 23. axb5 axb5 24. Qe1 Rxa2 25. Rxa2 Ra8 26. Qa1 Rxa2 27. Qxa2 Nd3 28.
Nf3 Bc8 29. Kf1 Nd7 30. Ne1 N7c5 31. Qb1 Nf4 32. Ne2 g5 33. Nxf4 gxf4 34. Bxc5
Qxc5 35. b3 cxb3 36. Qxb3 Qc4+ 37. Qxc4 bxc4 38. Ba4 f5 39. f3 fxe4 40. fxe4
Ba6 41. Nc2 Bf6 42. Na3 Kg6 43. Nb5 Be7 44. Nc7 Bc8 45. Bb5 Bd8 46. Na6 Ba5 47.
Nb4 Bxb4 48. cxb4 c3 49. Bd3 Ba6 50. Ke2 c2 51. Kd2 c1=Q+ 52. Kxc1 Bxd3 53. Kd2
Bxe4 0-1

[Event "Open Nord"]
[Site "?"]
[Date "2010.03.20"]
[Round "8"]
[White "Lagier, Ludovic"]
[Black "Benezra, David"]
[Result "1-0"]
[WhiteElo "1490"]
[BlackElo "1450"]
[PlyCount "83"]

1. e4 c5 2. Nc3 e6 3. f4 a6 4. a4 b6 5. Nf3 Bb7 6. g3 d6 7. Bg2 Nf6 8. d3 Nc6
9. O-O Be7 10. b3 Nb4 11. Bb2 d5 12. e5 Ng4 13. Qe2 d4 14. Nd1 Nd5 15. Nxd4
cxd4 16. Qxg4 O-O 17. Qe2 Bc5 18. Kh1 Qc7 19. Rc1 Ne3 20. Nxe3 Bxg2+ 21. Nxg2
Rfd8 22. Qe4 Rd5 23. c3 dxc3 24. Rxc3 Qd7 25. Ne3 Bxe3 26. Qxe3 b5 27. Ba3 Rd4
28. Bc5 Rd5 29. Bd6 Qb7 30. Kg1 bxa4 31. bxa4 Qb2 32. Rfc1 h6 33. Qe4 g6 34. g4
Qb6+ 35. Kg2 Ra7 36. f5 Rd4 37. Rc8+ Kh7 38. fxg6+ fxg6 39. Qf3 Qb2+ 40. Kg3 g5
41. R1c7+ Rxc7 42. Rxc7+ 1-0